000 00423nam a22001457a 4500
008 160509b xxu||||| |||| 00| 0 eng d
020 _a0028647378
100 _aCope, David
245 _aTechniques of the Contemporary Composer
_cDavid Cope
260 _aAustralia
_bSchirmer Cengage Learning
_c1997
300 _axiii, 250p.
650 _aComposition
_vMusic
650 _aMusic
_v20th century analysis
942 _2lcc
_cBK
999 _c15949
_d15949